World Map without 40 Random Countries - Statistics

General Stats
  • This quiz has been taken 33,144 times
  • The average score is 37 of 40
Answers on the Map
Answers color-coded by a green-red scale on the quiz's map according to % correct below.
 
Answer Stats
country % Correct
Argentina
100%
Canada
100%
Mexico
100%
Russia
100%
United States
100%
Australia
99%
Bolivia
99%
Brazil
99%
China
99%
Colombia
99%
Egypt
99%
France
99%
India
99%
Kazakhstan
99%
Mongolia
99%
Panama
99%
Paraguay
99%
Ukraine
99%
Venezuela
99%
Algeria
98%
Austria
98%
Belarus
98%
Chad
98%
Czechia
98%
Dem Rep Congo
98%
Finland
98%
Germany
98%
Indonesia
98%
Iran
98%
Italy
98%
Nepal
98%
Niger
98%
Pakistan
98%
Poland
98%
Saudi Arabia
98%
South Africa
98%
Spain
98%
Sudan
98%
Sweden
98%
Turkey
98%
Afghanistan
97%
Angola
97%
Central African Republic
97%
Costa Rica
97%
Ecuador
97%
Ethiopia
97%
Guyana
97%
Iraq
97%
Libya
97%
Mali
97%
Namibia
97%
Nicaragua
97%
Nigeria
97%
Norway
97%
Peru
97%
Romania
97%
Switzerland
97%
United Kingdom
97%
Zambia
97%
Botswana
96%
Honduras
96%
Hungary
96%
Laos
96%
Mauritania
96%
Slovakia
96%
South Sudan
96%
Thailand
96%
Uruguay
96%
Uzbekistan
96%
Yemen
96%
Zimbabwe
96%
Benin
95%
Bulgaria
95%
Cameroon
95%
Chile
95%
Congo
95%
Côte d'Ivoire
95%
Croatia
95%
Ghana
95%
Guatemala
95%
Kenya
95%
Mozambique
95%
Oman
95%
Portugal
95%
Serbia
95%
Tanzania
95%
Togo
95%
Turkmenistan
95%
Belgium
94%
Bosnia and Herzegovina
94%
Burkina Faso
94%
Greece
94%
Japan
94%
Kyrgyzstan
94%
Lithuania
94%
Moldova
94%
Morocco
94%
Myanmar
94%
North Korea
94%
Senegal
94%
Tajikistan
94%
Uganda
94%
Jordan
93%
Lesotho
93%
New Zealand
93%
Slovenia
93%
South Korea
93%
Suriname
93%
Tunisia
93%
Bangladesh
92%
Gabon
92%
Guinea
92%
Latvia
92%
North Macedonia
92%
Vietnam
92%
Cambodia
91%
Denmark
91%
Kosovo
91%
Madagascar
91%
Malawi
91%
Papua New Guinea
91%
Syria
91%
Armenia
90%
Azerbaijan
90%
Dominican Republic
90%
Eritrea
90%
Haiti
90%
Ireland
90%
Liberia
89%
Malaysia
89%
Netherlands
89%
Sierra Leone
89%
Cuba
88%
Georgia
88%
Micronesia
88%
Rwanda
88%
Somalia
88%
Sri Lanka
88%
Albania
87%
Estonia
87%
Guinea-Bissau
87%
Eswatini
86%
Philippines
86%
Taiwan
86%
Kiribati
85%
Seychelles
85%
Bahamas
83%
Cabo Verde
83%
Equatorial Guinea
83%
Mauritius
83%
Burundi
82%
Comoros
82%
Iceland
82%
Jamaica
82%
Maldives
82%
Palau
82%
São Tomé and Príncipe
82%
El Salvador
81%
Israel
81%
Marshall Islands
81%
Nauru
81%
Solomon Islands
81%
Samoa
80%
Tonga
80%
Tuvalu
80%
Vanuatu
80%
Fiji
79%
United Arab Emirates
78%
Belize
77%
Kuwait
77%
Malta
77%
No matching quizzes found
Score Distribution
Percent of People with Each Score
Percentile by Number Answered
Your Score History
You have not taken this quiz